Statistics for Great Apes of the World

Click here to take the quiz!

General Stats

  • This quiz has been taken 95 times
  • The average score is 6 of 8

Answer Stats

Scientific NameAnswer% Correct
Pan troglodytesChimpanzee
98%
Homo sapiensHuman
93%
Pan paniscusBonobo
88%
Gorilla beringeiEastern Gorilla
80%
Gorilla gorillaWestern Gorilla
67%
Pongo pygmaeusBornean Orangutan
49%
Pongo abeliiSumatran Orangutan
49%
Pongo tapanuliensisTapanuli Orangutan
27%

Score Distribution

Percentile by Number Answered

Percent of People with Each Score

Your Score History

You have not taken this quiz